000 00355nam a2200145 i 4500
001 bg
100 1 _aJAblonskij, A. A.
245 0 _aKurs teoreticeskoj mechaniki.
_nC. 2,
_pDinamika /
_cA.A. Jablonski.
250 _aWyd.4 uzup.
260 _aMoskwa,
_c1971.
040 _cBPK
041 _apol
942 _cKS
008 s pl f |000 0 pol
999 _c9200
_d9200
856 _uhttp://koha.tu.koszalin.pl/cgi-bin/koha/opac-detail.pl?biblionumber=9200
_yKatalog online BPK